|
|
|
|
| LEADER |
00000nas a2200000 i 4500 |
| 001 |
ssj0001054033 |
| 003 |
WaSeSS |
| 005 |
20200512172242.0 |
| 006 |
m d |
| 007 |
cr n |
| 008 |
110321c20139999pauar p s | a0eng |
| 010 |
|
|
|a 2011201163
|
| 022 |
|
|
|a 2160-5777
|
| 035 |
|
|
|a (WaSeSS)ssj0001054033
|
| 037 |
|
|
|b University Library System, University of Pittsburgh, Pittsburgh, PA 15260
|
| 040 |
|
|
|a DLC
|b eng
|c DLC
|d OCLCQ
|d DLC
|d OCLCQ
|d OCLCF
|d OCLCO
|d NTG
|d WaSeSS
|
| 042 |
|
|
|a pcc
|a nsdp
|
| 050 |
0 |
0 |
|a H96
|
| 082 |
0 |
0 |
|a 320
|2 23
|
| 222 |
|
0 |
|a Timely interventions
|
| 245 |
0 |
0 |
|a Timely interventions
|h [electronic resource] :
|b a translational journal of public policy debate.
|
| 260 |
|
|
|a Pittsburgh, PA :
|b University Library System, University of Pittsburgh,
|c [2013]-
|
| 310 |
|
|
|a Annual
|
| 362 |
1 |
|
|a Vol. 1, No. 1 (2013).
|
| 506 |
|
|
|a License restrictions may limit access.
|
| 588 |
|
|
|a Description based on: Vol. 1, No. 1 (2013); title from banner (timelyinterventions.pitt.edu, viewed June 10, 2013).
|
| 588 |
|
|
|a Latest issue consulted: Vol. 1, No. 1 (2013) (viewed June 10, 2013).
|
| 650 |
|
0 |
|a Policy sciences
|v Periodicals.
|
| 650 |
|
7 |
|a Policy sciences.
|2 fast
|0 (OCoLC)fst01068796
|
| 655 |
|
0 |
|a Electronic journals.
|
| 710 |
2 |
|
|a University of Pittsburgh.
|b University Library System.
|
| 850 |
|
|
|a DLC
|
| 856 |
4 |
0 |
|z Full text available from Research Library: 01/01/2013 to 01/31/2013
|u https://search.proquest.com/publication/2029656
|